000 01034nam a2200361 a 4500
003 AR-BaBNM
005 20251128210519.0
008 082120s2002 ||||||||||||||000 | spa||
020 _a84-7509-582-8
040 _cAR-BaBNM
245 0 0 _aLa filosofía en la historia
_bensayos de historiografía de la filosofía
250 _a1ª ed.
260 _aBarcelona
_bPaidós
_c1990
300 _a265 p.
490 0 _aStudio. Básica
_vv. 49
500 _aContiene referencias bibliográficas
500 _aIndice analítico
650 4 _aHISTORIOGRAFIA
650 4 _aHISTORIA DE LAS IDEAS
650 4 _aFILOSOFIA DE LA HISTORIA
650 4 _aHISTORIOGRAFIA
650 4 _aHISTORIADORES
650 4 _aMETODO HISTORICO
650 4 _aINVESTIGACION HISTORICA
650 4 _aANALISIS HISTORICO
650 4 _aBIOETICA
650 4 _aESCUELAS FILOSOFICAS
700 1 _aRorty, Richard
_ecompilador
700 1 _aSchneewind, J.B.
_ecompilador
700 1 _aSkinner, Quentin
_ecompilador
942 _cBK
998 _cMariana
999 _c15757
_d15757